| 000 | 00332 a2200133 4500 | ||
|---|---|---|---|
| 082 | _a891.4391 | ||
| 090 |
_c7169 _d7169 |
||
| 100 | _aItbar, Sajid | ||
| 245 |
_aYeh Sham Tumhary Naam _cItbar, Sajid |
||
| 260 |
_aLahore _bIlm-o-Arfan Publishers |
||
| 300 |
_a159 p. _c22 cm. |
||
| 650 | _a1. Urdu Literature | ||
| 942 |
_cBK _k891.4391 ITB |
||
| 999 |
_c10973 _d10973 |
||